Soziale Professionen für ein soziales Europa

V dňoch 5.-7. júla 1996 sa konala v Koblenzi konferencia o hodnotení európskeho vysokého školstva v oblasti sociálnej práce a výchovy (program ERASMUS).

Bibliographic Details
Format: Article
Language:German
Subjects:

MARC

LEADER 00000nab a2200000 a 4500
001 vtls001503305
003 SK-MaSNL
005 20260305023906.0
008 050227s1997 xo 000 0 ger
035 |a SPKCL5632 
040 |a SPKCL  |b slo  |c SNKBUCL  |d ÚIP-SPK(LO)  |e AACR2 
041 |a ger 
044 |a xo  |c SK 
080 |a 378:36:061.3(430):37.014.24(4)  |2 1981 
245 0 0 |a Soziale Professionen für ein soziales Europa 
520 |a V dňoch 5.-7. júla 1996 sa konala v Koblenzi konferencia o hodnotení európskeho vysokého školstva v oblasti sociálnej práce a výchovy (program ERASMUS). 
610 2 7 |a Erasmus (program)  |2 snkbucl  |9 115864 
650 0 7 |a sociálna práca  |2 snkbucl  |9 1550 
650 0 7 |a sociálna výchova  |2 snkbucl  |9 50063 
650 0 7 |a vysoké školy  |2 snkbucl  |9 1277 
773 1 |t Neue Praxis  |g Roč. 27, č. 1 (1997) s. 97-98 
850 |a Slovenská pedagogická knižnica Bratislava 
852 |a SPKCL  |b KIS3GCP  |b 000710000  |n SK 
999 |c 3299608  |d 3301538